| 000 | 00569nam a2200157 a 4500 | ||
|---|---|---|---|
| 008 | 120416s1973 ||||||||||||||||| || u | ||
| 050 | _aHF 5686.C8 Bag | ||
| 100 | _aBaggott, Joseph | ||
| 245 | 1 | 0 | _aCost and management accounting |
| 260 |
_aLondon: _bW. H. Allen _c1973 |
||
| 300 | _axv, 395p. : ill. | ||
| 350 | _a0.00 | ||
| 650 | 0 | _aACCOUNTING--HANDBOOKS, MANUALS, ETC | |
| 650 | 0 | _aCOST ACCOUNTING | |
| 995 |
_D0.00 _FCBU-MAIN LIBRARY (Kitwe) _H1 _I0.00 _M1 _UDAMAGED _WJun 11, 2009 _ZMain Library Open Access Collection |
||
| 999 |
_c38981 _d38981 |
||